Δώσε το Πρώτο Γράμμα Γρήγορα - 3 Ζωές - Statistics

General Stats
  • This quiz has been taken 955 times
  • The average score is 4 of 20
Answer Stats
Ερώτηση Απάντηση % Correct
Ποια είναι η θεά του έρωτα και της ομορφιάς στην ελληνική μυθολογία; Αφροδίτη
55%
Ποιο ποτό γιορτάζεται κατά τη διάρκεια του φεστιβάλ Oktoberfest; Μπύρα
50%
Σε ποια χώρα θα βρείτε τη Σφίγγα και τις Πυραμίδες; Αίγυπτος
47%
Σε ποια χώρα βρίσκεται το Macchu Pichu; Περού
43%
Ποιος διάσημος λογοτεχνικός χαρακτήρας έχει έναν βοηθό που ονομάζεται Dr. Watson; Σέρλοκ Χολμς
43%
Ποιος «ανακάλυψε» την Αμερική το 1492; Χριστόφορος Κολόμβος
43%
Ποιος είναι ο μεγαλύτερος ωκεανός στη Γη; Ειρηνικός Ωκεανός
42%
Σε ποιον μήνα είναι η Ημέρα του Αγίου Βαλεντίνου; Φεβρουάριος
42%
Ποιος θεωρείται ο Υιός του Θεού στον Χριστιανισμό; Ιησούς Χριστός
40%
Στην τέχνη, πώς ονομάζουμε την κοπή και επικόλληση διαφόρων εικόνων για τη δημιουργία μιας νέας εικόνας; Κολάζ
40%
Ποιο είναι το αντίθετο του Βορρά στην πυξίδα; Νότος
40%
Πώς ονομάζουμε την ανοδική δύναμη που επιτρέπει στα αντικείμενα να επιπλέουν στο νερό; Άνωση
38%
Ποιος πλανήτης ονομάζεται Κόκκινος Πλανήτης; Άρης
38%
Σε ποια χώρα βρίσκεται το μεγαλύτερο μέρος του τροπικού δάσους του Αμαζονίου; Βραζιλία
38%
Ποιο είναι το νόμισμα που χρησιμοποιούν οι ευρωπαϊκές χώρες, συμπεριλαμβανομένης της Γερμανίας και της Γαλλίας; Ευρώ
38%
Ποιος θρησκευτικός ηγέτης ζει στο Βατικανό; Πάπας
38%
Ποια είναι η πρωτεύουσα της Γαλλίας; Παρίσι
38%
Ποιο κρουαζιερόπλοιο βυθίστηκε στο παρθενικό του ταξίδι το 1912; Τιτανικός
38%
Ποιος είναι ο βασιλιάς των θεών στην ελληνική μυθολογία; Δίας
36%
Ποια χώρα έχει το παρατσούκλι «Χώρα του Ανατέλλοντος Ηλίου»; Ιαπωνία
36%
Πώς λέγεται ένα χρηματοπιστωτικό ίδρυμα που αποθηκεύει χρήματα για το κοινό; Τράπεζα
36%
Ποια είναι η πιο δημοφιλής θρησκεία στην Ινδία; Ινδουισμός
35%
Ποιο είναι το ψηλότερο βουνό στον κόσμο; Όρος Έβερεστ
33%
Ποιο είναι το κτίριο λατρείας για τους Χριστιανούς; Εκκλησία
33%
Τι σημαίνει η ισπανική λέξη «gracias» στα ελληνικά; Ευχαριστώ
33%
Ποια μορφή τέχνης δημιουργεί λειτουργικά αντικείμενα από τη διαμόρφωση και το πλάσιμο του πηλού; Κεραμική
33%
Ποιο είναι το περίβλημα με το οποίο τυλίγεται μια κάμπια πριν γίνει πεταλούδα; Κουκούλι
33%
Ποιο είναι το όνομα της χαμογελαστής κυρίας στον πιο διάσημο πίνακα του Λεονάρντο ντα Βίντσι; Μόνα Λίζα
33%
Τα ριγκατόνι, οι πέννες και τα μακαρόνια είναι είδη τι; Νουντλς
33%
Ποιο είναι το όνομα του φτερωτού αλόγου του Περσέα στην ελληνική μυθολογία; Πήγασος
33%
Πώς ονομάζεται η μεγαλύτερη πλευρά ενός ορθογώνιου τριγώνου; Υποτείνουσα
33%
Τι είδους γράμματα είναι τα A, E, Η, I, O, Υ και Ω; Φωνήεντα
33%
Πώς ονομάζουμε την απόσταση από το κέντρο ενός κύκλου μέχρι την άκρη του; Ακτίνα
31%
Πώς ονομάζουμε την ιαπωνική τέχνη του διπλώματος χαρτιού; Οριγκάμι
31%
Σε ποιο μέρος πήγαν οι άνθρωποι για πρώτη φορά το 1969; Φεγγάρι
31%
Τι είδους ζώο είναι ο Γουίνι το Αρκουδάκι; Αρκούδα
30%
Τι σημαίνει η μανδαρινική κινεζική φράση «Nǐ hǎo» στα αγγλικά; Γεια
30%
Ποια θρησκεία βασίζεται στις διδασκαλίες του Μωάμεθ; Ισλάμ
30%
Ποιος είναι ο αόριστος του ρήματος «τρέχω»; Έτρεξα
29%
Ποια είναι η κύρια γλώσσα που ομιλείται στη Σαουδική Αραβία; Αραβικά
29%
Ποια είναι η νοητή γραμμή που κινείται γύρω από τη γη και διέρχεται από το Εκουαδόρ; Ισημερινός
29%
Πώς ονομάζετε τα χρήματα που έχει βγάλει μια επιχείρηση μετά την πληρωμή των εξόδων της; Κέρδος
29%
Το μπρόκολο, τα καρότα, το κουνουπίδι και τα γογγύλια είναι όλα τι είδους τρόφιμα; Λαχανικό
29%
Σε ποιο άθλημα χτυπάτε ένα «φτερό» πάνω από ένα δίχτυ; Μπάντμιντον
29%
Ποια είναι η ονοματοποιία για τον ήχο που κάνει μια μέλισσα; Μπαζ
29%
Ποιος είναι ο κοινός όρος για το H₂O; Νερό
29%
Σε ποια ήπειρο είναι η έρημος Σαχάρα; Αφρική
28%
Πώς ονομάζεται μια παραδοσιακή ιαπωνική ρόμπα, συχνά πολύχρωμη και δεμένη με ένα όμπι; Κιμονό
28%
Ποιος τύπος στίξης χρησιμοποιείται στο τέλος μιας δηλωτικής πρότασης; Τελεία
28%
Ποια δύναμη έλκει την ύλη προς το κέντρο της Γης; Βαρύτητα
27%
Η σοκολάτα παρασκευάζεται από ποιον σπόρο (αν και συχνά αποκαλείται φασόλι); Κακάο
27%
Ποια λέξη ταιριάζει με τον αρχαίο κήπο στη Βαβυλώνα; Κρεμαστός
27%
Πού κατοικεί ο Έλληνας Πρωθυπουργός; Μέγαρο Μαξίμου
27%
Τι χρώμα παίρνετε αν αναμείξετε μπλε και κόκκινη μπογιά; Μωβ
27%
Από ποια χώρα κατάγονται οι Ολλανδοί; Ολλανδία
27%
Τι σημαίνει «νήπια» στο νηπιαγωγείο; Παιδιά
27%
Ποια είναι η μεγαλύτερη χώρα στον κόσμο σε έκταση; Ρωσία
27%
Ποιος χαρακτήρας έχασε ένα γυάλινο γοβάκι και επέβαινε σε άμαξα φτιαγμένη από κολοκύθα; Σταχτοπούτα
27%
Ποιο είναι το στρώμα αερίων στην ατμόσφαιρα που μας προστατεύει από την υπεριώδη ακτινοβολία; Στρώμα όζοντος
27%
Σε ποιον αποδίδεται ευρέως η θεωρία της σχετικότητας; Άλμπερτ Αϊνστάιν
25%
Ποια είναι η μονάδα μέτρησης της ενέργειας στα τρόφιμα; Θερμίδες
25%
Πώς ονομάζουμε μια ομάδα μουσικών που παίζουν μαζί υπό τη διεύθυνση ενός μαέστρου; Ορχήστρα
25%
Πώς ονομάζεται η διάσπαση της τροφής στο ανθρώπινο σώμα; Πέψη
25%
Ποιο είναι το όνομα του πίνακα που οργανώνει τα στοιχεία με βάση τις ιδιότητές τους; Περιοδικός Πίνακας
25%
Ποια είναι η επίσημη γλώσσα της Βραζιλίας; Πορτογαλικά
25%
Ποιος είναι ο τίτλος του ηγέτη των Ηνωμένων Πολιτειών; Πρόεδρος
25%
Σε ποια πόλη βρίσκεται το Κολοσσαίο; Ρώμη
25%
Ποια αρχαία ελληνική πόλη θεωρείται η γενέτειρα της δημοκρατίας; Αθήνα
24%
Ποιο αέριο πρέπει να αναπνέει ο άνθρωπος για να επιβιώσει; Οξυγόνο
24%
Ποια λέξη σημαίνει «από τον ήλιο» και τελειώνει σε «-ος»; Ηλιακός
23%
Ποιο ανθρώπινο όργανο φιλτράρει τα απόβλητα από το αίμα και παράγει ούρα; Νεφρό
23%
Ποιο είναι αυτό το ελληνικό γράμμα, το οποίο συχνά υποδηλώνει το 3.14; Π
23%
Ποιος είναι ο τόπος λατρείας για τους μουσουλμάνους; Τζαμί
23%
Ποιο σχήμα μοιάζει με κύκλο που έχει τεντωθεί; Έλλειψη
22%
Ποιος είναι ο όρος για το χρηματικό ποσό που οφείλει ένα πρόσωπο ή μια εταιρεία; Δάνειο
22%
Ποιος τύπος χρόνου έχει 366 ημέρες; Δίσεκτο Έτος
22%
Ποιο είδος κυβέρνησης έχει κληρονομικό ηγεμόνα, που συνήθως ονομάζεται βασιλιάς ή βασίλισσα; Μοναρχία
22%
Ποιο είναι το Ευρωπαϊκό συνώνυμο της λέξης "soccer"? Ποδόσφαιρο
22%
Ποιος είναι ο εβραϊκός όρος για την εβραϊκή ιερή ημέρα της εβδομάδας; Σαμπάτ
22%
Τα μήλα, τα πορτοκάλια και τα ρόδια τι είδους τρόφιμα είναι; Φρούτο
22%
Πώς ονομάζεται η μεγάλη ποικιλία ζωής σε ένα οικοσύστημα; Βιοποικιλότητα
21%
Τι κρατάει ένας διαιτητής όταν αποβάλλει έναν ποδοσφαιριστή για σοβαρή παράβαση; Κόκκινη Κάρτα
21%
Ποιο ζώο ζει στην έρημο και μπορεί να έχει μία ή δύο καμπούρες; Καμήλα
21%
Ποιος ζωγράφισε τη Μόνα Λίζα; Λεονάρντο ντα Βίντσι
21%
Σε ποιο άθλημα οι παίκτες προσπαθούν να ρίξουν 5 ή 10 κορίνες με μια βαριά μπάλα; Μπόουλινγκ
21%
Σε ποια γλώσσα το «Αλόχα» σημαίνει γεια και αντίο; Χαβανέζικα
21%
Ποιο ζώο λέει «μου»; Αγελάδα
20%
Ποιο θρεπτικό και χημικό στοιχείο ενισχύει τα οστά και τα δόντια; Ασβέστιο
20%
Πώς ονομάζεται μια ομάδα αστέρων που σχηματίζουν ένα αναγνωρισμένο μοτίβο; Αστερισμός
20%
Ποια χώρα ονομάζεται «Deutschland» στη γλώσσα της; Γερμανία
20%
Ποια αιγυπτιακή βασίλισσα ήταν γνωστή για την ομορφιά της και τη σχέση της με τον Καίσαρα; Κλεοπάτρα
20%
Ποιος είναι ο όρος για αυτό που καλύπτει τη ζάντα ενός αυτοκινήτου; Λάστιχο
20%
Πώς ονομάζετε την αύξηση της τιμής των αγαθών με την πάροδο του χρόνου; Πληθωρισμός
20%
Οι γωνίες ποιου σχήματος έχουν άθροισμα 180 μοιρών; Τρίγωνο
20%
Ποια είναι η διαδικασία με την οποία τα φυτά παράγουν τροφή από το φως του ήλιου; Φωτοσύνθεση
20%
Σε ποια γειτονιά του Λος Άντζελες βρίσκονται πολλά μεγάλα αμερικανικά κινηματογραφικά στούντιο; Χόλιγουντ
20%
Στη λέξη «διόροφο», τι σημαίνει το «δι»; Δύο
19%
Στη σκανδιναβική μυθολογία, ποιος είναι ο θεός του κεραυνού; Θορ
19%
Ποια είναι η πιο διαδεδομένη γλώσσα στο Μεξικό; Ισπανικά
19%
Ποιο είναι το ψηλότερο χερσαίο ζώο; Καμηλοπάρδαλη
19%
Ποιος είναι ο όρος για μια ομάδα λέξεων που εκφράζει μια ολοκληρωμένη σκέψη; Πρόταση
19%
Ποιος μεγάλος ινδικός ποταμός θεωρείται ιερός για τους Ινδουιστές; Γάγγης
18%
Σε ποιο ζώο αναφέρεται ο όρος «αιλουροειδές»; Γατα
18%
Πώς ονομάζεται ο βάτραχος στο πρώιμο στάδιο της ζωής του; Γυρίνος
18%
Στην πρόταση «Είδα ένα μεγάλο, κόκκινο μπαλόνι», τι είδους λέξη είναι η λέξη «κόκκινο»; Επίθετο
18%
Σε ποιο άθλημα μπορείτε να κάνετε ένα κάρφωμα; Καλαθοσφαίριση
18%
Αν δύο τραγουδιστές κάνουν ένα ντουέτο, τι κάνουν τέσσερις τραγουδιστές; Κουαρτέτο
18%
Ποιος έγραψε το έργο «Ρωμαίος και Ιουλιέτα»; Ουίλιαμ Σαίξπηρ
18%
Πώς λέγεται ένα σχήμα με πέντε ίσες πλευρές; Πεντάγωνο
18%
Ποιο θρεπτικό συστατικό συμβάλλει στην οικοδόμηση των μυών και την επιδιόρθωση των ιστών και βρίσκεται στο κρέας; Πρωτεΐνη
18%
Αν η λέξη «ηλιακό» αναφέρεται στον ήλιο, ποια λέξη αναφέρεται στη σελήνη; Σεληνιακό
18%
Πώς ονομάζεται ένα υποβρύχιο σκάφος ή ένα σάντουιτς που μοιάζει με αυτό; Υποβρύχιο
18%
Πώς ονομάζουμε ένα τεχνητό υδάτινο σώμα που τρέχει γύρω από ένα κάστρο για προστασία; Τάφρος
17%
Ποιος είναι ο μεγαλύτερος πλανήτης στο ηλιακό μας σύστημα; Δίας
16%
Ποιο σύστημα του ανθρώπινου σώματος μας προστατεύει από τις ασθένειες; Ανοσοποιητικό Σύστημα
15%
Ποιο είναι το όνομα του γαλαξία μας; Γαλακτική Οδός
15%
Ποιο αέριο εκπνέουν οι άνθρωποι ως απόβλητο; Διοξείδιο του Άνθρακα
15%
Ποιο είναι το μεγαλύτερο θηλαστικό στον κόσμο; Μπλε φάλαινα
15%
Στη μεξικανική γιορτή «Dia de los Muertos», τι σημαίνει «muertos» στα ελληνικά; Νεκρός
15%
Στο μπέιζμπολ, τι κουνάνε οι παίκτες για να χτυπήσουν μια πεταμένη μπάλα; Ρόπαλο
15%
Ποια φυσική καταστροφή προκαλείται από τις τεκτονικές πλάκες της Γης; Σεισμός
15%
Γράψτε σωστά την ημέρα που ακολουθεί την Τρίτη. Τετάρτη
15%
Πού θα μπορούσατε να βρείτε το Μπρίσμπεϊν, τη Μελβούρνη και το Σίδνεϊ; Αυστραλία
14%
Ποιο νόμισμα είναι το ένα εκατοστό του δολαρίου; Λεπτό
14%
Πώς λέγεται όταν ένα ζώο είναι ξύπνιο τη νύχτα και κοιμάται κατά τη διάρκεια της ημέρας; Νυκτόβιο
14%
Αν σήμερα είναι Πέμπτη, ποια ήταν η προχθεσινή ημέρα; Τρίτη
14%
Τι είναι το αντίθετο του πρωταγωνιστή; Ανταγωνιστής
13%
Στην τροφική αλυσίδα, ποιος είναι ο όρος για ένα ζώο που κυνηγάει άλλα ζώα; Θηρευτής
13%
Ποιο όργανο αντλεί αίμα μέσα στο σώμα; Καρδιά
13%
Ποια μετρική μονάδα ισούται με περίπου 2,2 λίβρες; Κιλό
13%
Ποιος είναι ο όρος για τα χρήματα που λαμβάνουν οι άνθρωποι για την εργασία τους; Μισθός
13%
Πώς λέγεται όταν μια μουσική σύνθεση επικεντρώνεται σε ένα μόνο πρόσωπο για ένα χρονικό διάστημα; Σόλο
13%
Τι υπολογίζετε όταν διαιρείτε τη διανυθείσα απόσταση με το χρόνο; Ταχύτητα
13%
Ποιος ήταν ο πρώτος πρόεδρος των Ηνωμένων Πολιτειών; Τζωρτζ Ουάσινγκτον
13%
Ποιος είναι ο όρος για ένα σύντομο άρθρο που γράφεται για κάποιον που πέθανε πρόσφατα; Επικήδειος
12%
Πώς ονομάζεται η είσοδος της ανθρώπινης μύτης; Ρουθούνι
12%
Ποιο είναι το αντώνυμο της λέξης «πλούσιος»; Φτωχός
12%
Ποιος είναι ο όρος για μια λέξη, όπως το «αυτό», που παίρνει τη θέση ενός ουσιαστικού; Αντωνυμία
11%
Ποιος δημιούργησε τον Μίκι Μάους; Γουόλτ Ντίσνεϊ
11%
Ποιος όρος δηλώνει έναν αριθμό που διαιρείται μόνο με το 1 και με τον εαυτό του; Πρώτος
11%
Γύρω από τι περιστρέφεται η Γη; Ήλιος
10%
Πώς ονομάζεται το ιερό βιβλίο του Χριστιανισμού; Βίβλος
10%
Ποιος όρος αναφέρεται είτε σε απολιθωμένη ρητίνη δέντρου είτε σε χρώμα φωτεινού σηματοδότη; Κεχριμπάρι
10%
Ποιος είναι ο όρος για την απόσταση γύρω από ένα γεωμετρικό σχήμα; Περίμετρος
10%
Ποιο είναι το πιο αδύναμο κομμάτι στο σκάκι, ικανό να μετακινηθεί μόνο ένα διάστημα προς τα εμπρός; Πιόνι/Στρατιώτης
10%
Η _________ τόξου μπορεί να ενώσει δύο κομμάτια μετάλλου μεταξύ τους. Συγκόλληση
10%
Ποιο εργαλείο χειρός χρησιμοποιείται συνηθέστερα για να καρφώνονται τα καρφιά στο ξύλο; Σφυρί
10%
Στο τένις, τι σκορ έχετε αν δεν έχετε πόντους; Λοβ
9%
Ποιος όρος της φυσικής δηλώνει πόση ύλη υπάρχει σε ένα αντικείμενο; Μάζα
9%
Στην Αρχαία Ρώμη, πώς ονομάζονταν οι πολεμιστές που πολεμούσαν σε αρένες; Μονομάχοι
9%
Σε ποια γλώσσα το «До свидания» (Do svidaniya) σημαίνει «αντίο»; Ρωσικά
9%
Ποιος είναι ο όρος για ένα αστέρι όταν εκρήγνυται; Σουπερνόβα
9%
Τι είναι είτε ένα θρεπτικό συστατικό στο ψωμί είτε κάτι που κάνει τα ρούχα να γρατζουνάνε; Άμυλο
8%
Πώς ονομάζεται ο σπειροειδής σωλήνας όπου ο άνθρωπος απορροφά τα θρεπτικά συστατικά και το νερό; Έντερα
8%
Ποια άρθρωση λυγίζετε όταν κάνετε κάμψεις δικεφάλου; Αγκώνας
8%
Τι δραστηριότητα κάνετε όταν αλλάζετε από τη στάση της γέφυρας στη στάση του δέντρου; Γιόγκα
8%
Πώς ονομάζεται ο αγώνας όπου οι δρομείς πρέπει να πηδήξουν πάνω από όρθια πλαίσια; Εμπόδια
8%
Τι γεωμετρικό σχήμα έχουν οι πινακίδες στοπ; Οκτάγωνο
8%
Τι υλικό που μοιάζει με χαρτί χρησιμοποιούσαν οι αρχαίοι Αιγύπτιοι; Πάπυρος
8%
Ποια ουσία στα ερυθρά αιμοσφαίρια τους επιτρέπει να μεταφέρουν οξυγόνο στα κύτταρα και τους ιστούς; Αιμοσφαιρίνη
7%
Πώς ονομάζεται μια ομάδα νησιών; Αρχιπέλαγος
7%
Ποια διαδικασία χρησιμοποιείται για την εκλογή ενός δημοκρατικού ηγέτη; Εκλογές
7%
Ποια άσκηση σας βάζει να ξαπλώσετε μπρούμυτα στο στήθος σας και να σπρώξετε το σώμα σας προς τα πάνω με τα χέρια σας; Κάμψεις
7%
Ποιο μέρος του κυττάρου αποκαλείται η «ατμομηχανή του κυττάρου»; Μιτοχόνδρια
7%
Τι αναφλέγει το μείγμα καυσίμου-αέρα στους βενζινοκινητήρες; Μπουζί
7%
Ποιος είναι ο όρος για τα φυσικά εξαρτήματα ενός υπολογιστή, όπως το πληκτρολόγιο. Υλικό
7%
Ποιος είναι ο όρος για δύο ή περισσότερα στοιχεία που συνδέονται χημικά; Ένωση
6%
Σε ποιο άθλημα θα μπορούσατε να πετύχετε hole-in-one με έξι σίδερα; Γκολφ
6%
Πώς ονομάζεται η ικανότητα κίνησης ή έκτασης των αρθρώσεων σε πλήρες εύρος κίνησης; Ευελιξία
6%
Ποια είναι η μικρότερη μονάδα ενός στοιχείου που διατηρεί τις στοιχειώδεις ιδιότητές του; Άτομο
0%
Ποιο είναι το κύριο συστατικό του γουακαμόλε; Αβοκάντο
0%
Αν ο κροκόδειλος είναι ερπετό, τι είναι ο βάτραχος; Αμφίβιο
0%
Πώς ονομάζεται το στρώμα αερίων που περιβάλλει τη Γη; Ατμόσφαιρα
0%
Ποιος θρυλικός Έλληνας πολεμιστής πέθανε από τραυματισμό στον αστράγαλο στον Τρωικό Πόλεμο; Αχιλλέας
0%
Τι σήμαινε το γαλλικό «deux» στα ελληνικά; Δύο
0%
Ποιος έγραψε το «Cat in the Hat»; Δρ Σους
0%
Πώς λέγεται όταν ένα υγρό μετατρέπεται σε αέριο; Εξάτμιση
0%
Ποιες λέξεις μπορούν να ακολουθήσουν τις λέξεις «Αμερικανική», «Γαλλική» και «Βιομηχανική»; Επανάσταση
0%
Ποιος βασιλιάς της Αγγλίας είχε έξι συζύγους; Ερρίκος Η'
0%
Στα συνηθισμένα τραπουλόχαρτα, ποιες φιγούρες είναι κόκκινες (αναφέρετε μία); Καρά/Καρδιές
0%
Πώς ονομάζεται η διαδικασία λείανσης του ξύλου με τη χρήση τριμμένου χαρτιού; Λείανση με γυαλόχαρτο
0%
Πώς ονομάζουμε μια περιοχή του διαστήματος όπου η βαρύτητα είναι τόσο ισχυρή που το φως δεν μπορεί να διαφύγει; Μαύρη Τρύπα
0%
Ποιος όρος δηλώνει άγνωστες τιμές σε μια εξίσωση, όπως το «x» στην εξίσωση «x + y = 2»; Μεταβλητή
0%
Στο μπέιζμπολ, πώς λέγεται όταν μια ρίψη χάνει τη ζώνη του στράικ και δεν υπάρχει χτύπημα; Μπάλα
0%
Ποιο φίδι με τέσσερα γράμματα έχει συχνά την προσθήκη «Περιοριστής» στο όνομά του; Μπόα
0%
Ποια τεχνική τέχνης δημιουργεί μια εικόνα από μικρά, πολύχρωμα κομμάτια γυαλιού; Μωσαϊκό
0%
Ποιο ουράνιο σώμα έχασε την ιδιότητα του «πλανήτη» το 2006; Πλούτωνας
0%
Ποιο είναι το μεγαλύτερο πουλί στον κόσμο; Στρουθοκάμηλος
0%
Ποια είναι η διαδικασία με την οποία ένα αέριο μετατρέπεται σε υγρό; Τήξη
0%
Ποια μονάδα βάρους ισούται με 2.000 λίβρες; Τόνος
0%
Ποιος όρος της φυσικής δίνει την ταχύτητα και την κατεύθυνση κάποιου πράγματος; Ταχύτητα
0%
Ποιος είναι ο μεγαλύτερος μυς στο πόδι; Τετρακέφαλος
0%
Πώς ονομάζεται ένας πίνακας ζωγραφικής όταν είναι ζωγραφισμένος απευθείας σε τοίχο; Τοιχογραφία
0%
Με ποια δύναμη σταματάει ένα ποδήλατο όταν πατάτε φρένο; Τριβή
0%
Στο σκάκι, τι ανακοινώνει κανείς αν επιτίθεται στο βασιλιά του αντιπάλου; Τσεκ
0%
Πώς ονομάζουμε τη φυσική ζάχαρη που βρίσκεται στα φρούτα; Φρουκτόζη
0%
Σε ποια οικογένεια οργάνων ανήκουν η τρομπέτα και το τρομπόνι; Χάλκινα
0%
Ποιο είδος αγοράς αγοράζει και πωλεί μετοχές εταιρειών; Χρηματιστήριο
0%
No matching quizzes found
Score Distribution
Percent of People with Each Score
Percentile by Number Answered
Your Score History
You have not taken this quiz